[Event "Titled Tuesday intern op 14th Jan Early"]
[Site "Chess.com INT"]
[Date "2025.01.14"]
[Round "3"]
[White "Plotnikov, Pavel"]
[Black "Amangeldy, Ernur"]
[Result "1-0"]
[WhiteElo "2297"]
[BlackElo "2276"]
[PlyCount "59"]
[EventDate "2025.01.14"]
[EventType "swiss (blitz)"]
[EventRounds "11"]
[EventCountry "USA"]
[SourceTitle "CB04_2025"]
[SourceDate "2025.01.22"]
[SourceVersion "1"]
[SourceVersionDate "2025.01.22"]
[SourceQuality "1"]

1. c4 g6 2. d4 Bg7 3. Nc3 d6 4. e4 Nc6 5. Be3 Nf6 6. d5 Ne5 7. h3 0-0 8. f4 Ned7 9. Nf3 Nh5 10. Bd3 Ng3 11. Rg1 c6 12. Bf2 Nh5 13. Qd2 cxd5 14. cxd5 a6 15. g4 Nhf6 16. e5 dxe5 17. fxe5 Ne8 18. Bg3 Nb6 19. Be2 Nc7 20. 0-0-0 Bd7 21. Kb1 Nb5 22. Ne4 Rc8 23. Rc1 Rxc1+ 24. Rxc1 Bc8 25. Rd1 Bd7 26. d6 Be6 27. Bh4 Qa8 28. dxe7 Re8 29. Nf6+ Bxf6 30. Bxf6 1-0

[Event "Titled Tuesday intern op 06th Aug Late"]
[Site "Chess.com INT"]
[Date "2024.08.06"]
[Round "1"]
[White "Plotnikov, Pavel"]
[Black "Deutsch, Eyal"]
[Result "0-1"]
[WhiteElo "2297"]
[BlackElo "2286"]
[PlyCount "134"]
[EventDate "2024.08.06"]
[EventType "swiss (blitz)"]
[EventRounds "11"]
[EventCountry "USA"]
[SourceTitle "EXT 2025"]
[Source "ChessBase"]
[SourceDate "2024.10.14"]
[SourceVersion "1"]
[SourceVersionDate "2024.10.14"]
[SourceQuality "1"]

1. d4 Nf6 2. Nf3 b6 3. c4 Ba6 4. e3 e6 5. Nc3 Bb4 6. Qc2 0-0 7. Bd3 c5 8. Bd2 cxd4 9. Nxd4 Bb7 10. 0-0-0 Na6 11. e4 Nc5 12. e5 Nxd3+ 13. Qxd3 Bxc3 14. Bxc3 Ne4 15. Be1 Qg5+ 16. Kb1 Qxe5 17. f3 Nc5 18. Qc2 d5 19. cxd5 Bxd5 20. Bc3 Qh5 21. Nb5 Rfc8 22. Rhe1 Qg6 23. Qxg6 hxg6 24. Bd4 Nb7 25. Rc1 Rc6 26. Nc7 Rc8 27. Nxd5 Rxc1+ 28. Rxc1 Rxc1+ 29. Kxc1 exd5 30. Kd2 Nd8 31. Kc3 Nc6 32. Be3 f6 33. b4 b5 34. a4 a6 35. axb5 axb5 36. Bc5 Kf7 37. Kd3 g5 38. g4 g6 39. Ke3 Ke6 40. f4 gxf4+ 41. Kxf4 g5+ 42. Kf3 Ke5 43. Ke3 d4+ 44. Kf3 Kd5 45. h3 Ne5+ 46. Ke2 Ke4 47. Be7 Nd7 48. Bd8 Ke5 49. Kd3 Kd5 50. Be7 Ne5+ 51. Ke2 Ke6 52. Bd8 Nc6 53. Bb6 Kd5 54. Kd2 Nxb4 55. Bd8 Ke6 56. Bb6 Nc6 57. Kd3 Kd5 58. Bc7 Ne5+ 59. Kd2 b4 60. Bd8 Nd7 61. Kd3 b3 62. Be7 Ne5+ 63. Kd2 Ke6 64. Bd8 Nc4+ 65. Kd3 b2 66. Kc2 d3+ 67. Kb1 d2 0-1

[Event "Titled Tuesday intern op 23rd Jul Late"]
[Site "Chess.com INT"]
[Date "2024.07.23"]
[Round "2"]
[White "Saveliev, Alexei"]
[Black "Plotnikov, Pavel"]
[Result "1-0"]
[WhiteElo "2348"]
[BlackElo "2297"]
[PlyCount "63"]
[EventDate "2024.07.23"]
[EventType "swiss (blitz)"]
[EventRounds "11"]
[EventCountry "USA"]
[SourceTitle "EXT 2025"]
[Source "ChessBase"]
[SourceDate "2024.10.14"]
[SourceVersion "1"]
[SourceVersionDate "2024.10.14"]
[SourceQuality "1"]

1. c4 Nf6 2. Nc3 g6 3. e4 Bg7 4. d4 0-0 5. f4 d6 6. Nf3 c5 7. d5 Bg4 8. Be2 e6 9. 0-0 exd5 10. cxd5 a6 11. a4 Re8 12. h3 Bxf3 13. Bxf3 Nbd7 14. g4 h6 15. h4 c4 16. g5 Nh7 17. Be3 Qa5 18. Bd4 hxg5 19. hxg5 Bxd4+ 20. Qxd4 Qc5 21. Rad1 Rac8 22. Bg4 Nhf8 23. Kg2 b5 24. axb5 axb5 25. Nxb5 Qxb5 26. Rh1 f6 27. gxf6 Kf7 28. f5 Ne5 29. fxg6+ Nexg6 30. Qa7+ Kxf6 31. Rdf1+ Kg5 32. Qe3+ 1-0

[Event "Titled Tuesday intern op 28th May Late"]
[Site "Chess.com INT"]
[Date "2024.05.28"]
[Round "2"]
[White "Plotnikov, Pavel"]
[Black "Cieslak, Patryk"]
[Result "0-1"]
[WhiteElo "2297"]
[BlackElo "2369"]
[PlyCount "66"]
[EventDate "2024.05.28"]
[EventType "swiss (blitz)"]
[EventRounds "11"]
[EventCountry "USA"]
[SourceTitle "EXT 2025"]
[Source "ChessBase"]
[SourceDate "2024.10.14"]
[SourceVersion "1"]
[SourceVersionDate "2024.10.14"]
[SourceQuality "1"]

1. e4 c5 2. c3 Nf6 3. e5 Nd5 4. d4 cxd4 5. Qxd4 e6 6. Bd3 Nc6 7. Qe4 f5 8. Qe2 a6 9. Nf3 b5 10. a4 b4 11. c4 Nc7 12. 0-0 Bc5 13. Nbd2 0-0 14. Nb3 Be7 15. c5 Bb7 16. Bc4 Rc8 17. Bd2 Qe8 18. Ne1 f4 19. Nd3 f3 20. gxf3 Na5 21. Nf4 Nxc4 22. Qxc4 Nd5 23. Ng2 Qf7 24. f4 Qg6 25. f3 Rf5 26. Rfe1 Rcf8 27. Re4 Rh5 28. Be1 Bh4 29. Bxh4 Rxh4 30. f5 Rxe4 31. fxe4 Qg4 32. Qf1 Ne3 33. Qf4 Qxg2# 0-1

[Event "Titled Tuesday intern op 28th May Late"]
[Site "Chess.com INT"]
[Date "2024.05.28"]
[Round "1"]
[White "Plotnikov, Pavel"]
[Black "Gutenev, Alexander"]
[Result "1-0"]
[WhiteElo "2297"]
[BlackElo "2455"]
[PlyCount "129"]
[EventDate "2024.05.28"]
[EventType "swiss (blitz)"]
[EventRounds "11"]
[EventCountry "USA"]
[SourceTitle "EXT 2025"]
[Source "ChessBase"]
[SourceDate "2024.10.14"]
[SourceVersion "1"]
[SourceVersionDate "2024.10.14"]
[SourceQuality "1"]

1. e4 d5 2. exd5 Qxd5 3. Nf3 Bg4 4. Be2 Nc6 5. 0-0 0-0-0 6. h3 Bh5 7. d3 Nf6 8. Be3 e5 9. Nbd2 h6 10. a3 g5 11. b4 g4 12. Nh2 gxh3 13. Bf3 Bxf3 14. Qxf3 hxg2 15. Kxg2 Rg8+ 16. Kh1 Qxf3+ 17. Nhxf3 Ng4 18. Nh4 Nd4 19. Bxd4 Rxd4 20. Ne4 a5 21. Nf5 Rd8 22. f3 axb4 23. axb4 Bxb4 24. fxg4 Rg6 25. Ne3 Ra6 26. Rab1 Bf8 27. Rxf7 Ra2 28. Rbf1 Bb4 29. Rh7 Ba5 30. Rxh6 Bb6 31. Rxb6 cxb6 32. g5 Rg8 33. Kg2 b5 34. Kg3 b4 35. Kg4 Kc7 36. Nd5+ Kb8 37. Nxb4 Rb2 38. c3 Rg2+ 39. Kf5 Rf8+ 40. Nf6 Rg3 41. Kxe5 Rxg5+ 42. Ke6 Kc8 43. Nbd5 Rg6 44. Ne7+ Kc7 45. Nxg6 Ra8 46. Nd5+ Kb8 47. Rf8+ Ka7 48. Rxa8+ Kxa8 49. Kd6 Ka7 50. Kc7 Ka6 51. Ne5 b5 52. Kc6 Ka5 53. Kc5 Ka4 54. Nc6 Kb3 55. Nd4+ Ka4 56. Nxb5 Kb3 57. Nb4 Kb2 58. d4 Kb3 59. d5 Kb2 60. d6 Kb3 61. d7 Kb2 62. d8Q Kb3 63. Qd5+ Kb2 64. Qa2+ Kc1 65. Qc2# 1-0

[Event "Titled Tuesday intern op 26th Mar Late"]
[Site "Chess.com INT"]
[Date "2024.03.26"]
[Round "1"]
[White "Bryakin, Mikhail"]
[Black "Plotnikov, Pavel"]
[Result "1-0"]
[WhiteElo "2461"]
[BlackElo "2297"]
[PlyCount "121"]
[EventDate "2024.03.26"]
[EventType "swiss (blitz)"]
[EventRounds "11"]
[EventCountry "USA"]
[SourceTitle "EXT 2025"]
[Source "ChessBase"]
[SourceDate "2024.10.14"]
[SourceVersion "1"]
[SourceVersionDate "2024.10.14"]
[SourceQuality "1"]

1. e4 e6 2. Qe2 c5 3. Nf3 Nc6 4. c3 g6 5. g3 Bg7 6. Bg2 Nge7 7. 0-0 0-0 8. Re1 d5 9. e5 d4 10. c4 d3 11. Qe4 Nb4 12. Na3 Bd7 13. b3 Bc6 14. Qf4 Nf5 15. Bb2 h5 16. h4 Bh6 17. Ng5 Bxg2 18. Kxg2 a6 19. Rad1 Nxa2 20. Qe4 Bxg5 21. hxg5 Qxg5 22. Qxd3 Rfd8 23. Qe2 h4 24. g4 h3+ 25. Kh1 Nd4 26. Qe4 Nxb3 27. d3 Nb4 28. Re3 Kg7 29. Rg1 Nd4 30. f4 Qh4 31. Reg3 Rh8 32. Bxd4 cxd4 33. Qxd4 Nc6 34. Qe4 Rad8 35. Nc2 Rd7 36. d4 Rhd8 37. f5 exf5 38. Qf3 Nxd4 39. Nxd4 Rxd4 40. gxf5 Rf4 41. f6+ Kg8 42. Qe3 h2 43. Re1 Rg4 44. Rxg4 Qxg4 45. Kxh2 Qh4+ 46. Kg2 Qg4+ 47. Kf1 Qxc4+ 48. Re2 Rd3 49. Qf2 Rd1+ 50. Kg2 Qg4+ 51. Kh2 Qh5+ 52. Kg3 Qg5+ 53. Kh2 Qh5+ 54. Kg3 Qg5+ 55. Kh2 Rd4 56. Re3 Rh4+ 57. Rh3 Qxe5+ 58. Kg2 Rg4+ 59. Kh1 Rf4 60. Qd2 Qe4+ 61. Kh2 1-0

[Event "Titled Tuesday intern op 02nd Jan Late"]
[Site "Chess.com INT"]
[Date "2024.01.02"]
[Round "3"]
[White "Plotnikov, Pavel"]
[Black "Aghasiyev, Kamal"]
[Result "1-0"]
[WhiteElo "2297"]
[BlackElo "2441"]
[PlyCount "99"]
[EventDate "2024.01.02"]
[EventType "swiss (blitz)"]
[EventRounds "11"]
[EventCountry "USA"]
[SourceTitle "EXT 2025"]
[Source "ChessBase"]
[SourceDate "2024.10.14"]
[SourceVersion "1"]
[SourceVersionDate "2024.10.14"]
[SourceQuality "1"]

1. e4 e5 2. Nf3 Nc6 3. Nc3 Nf6 4. Be2 Bb4 5. Nd5 Nxe4 6. Nxb4 Nxb4 7. d3 Nf6 8. Nxe5 0-0 9. a3 Nbd5 10. c4 Ne7 11. d4 d6 12. Nf3 Ng6 13. 0-0 Re8 14. d5 Ne4 15. Nd4 a5 16. Bf3 Nc5 17. Rb1 a4 18. Bd2 Nh4 19. Bc3 Qg5 20. Qd2 Qg6 21. Qf4 Nxf3+ 22. Qxf3 Bg4 23. Qg3 Ne4 24. Qd3 Bd7 25. Rfe1 Nc5 26. Qxg6 hxg6 27. f3 f6 28. g4 Kf7 29. Rbd1 g5 30. Bb4 b6 31. Kf2 Rxe1 32. Bxe1 Rh8 33. Kg2 Re8 34. Bc3 Re3 35. Re1 Rxe1 36. Bxe1 Nd3 37. Bc3 Ne5 38. Nb5 Bxb5 39. cxb5 Nc4 40. Kf2 Ke7 41. Ke2 Ne5 42. Ke3 Nd7 43. f4 gxf4+ 44. Kxf4 g6 45. h4 Kf7 46. h5 gxh5 47. gxh5 Nf8 48. Kf5 Nh7 49. h6 Nf8 50. Bxf6 1-0

[Event "Titled Tuesday intern op 02nd Jan Late"]
[Site "Chess.com INT"]
[Date "2024.01.02"]
[Round "1"]
[White "Plotnikov, Pavel"]
[Black "Mekhitarian, Krikor Sevag"]
[Result "0-1"]
[WhiteElo "2297"]
[BlackElo "2554"]
[PlyCount "80"]
[EventDate "2024.01.02"]
[EventType "swiss (blitz)"]
[EventRounds "11"]
[EventCountry "USA"]
[SourceTitle "EXT 2025"]
[Source "ChessBase"]
[SourceDate "2024.10.14"]
[SourceVersion "1"]
[SourceVersionDate "2024.10.14"]
[SourceQuality "1"]

1. e4 e6 2. d4 d5 3. e5 c5 4. c3 Nc6 5. Nf3 Bd7 6. a3 Nh6 7. b4 cxd4 8. cxd4 Nf5 9. Be3 b5 10. Bd3 a5 11. bxa5 Nxa5 12. 0-0 Nc4 13. Bxf5 exf5 14. Qb3 Be7 15. Nc3 Bc6 16. Nxb5 0-0 17. a4 h6 18. Nd2 Na5 19. Qc2 Qd7 20. Rab1 Rfc8 21. Qd3 Nc4 22. Nxc4 dxc4 23. Qc2 Be4 24. Qa2 Bxb1 25. Rxb1 c3 26. Qc2 Qd5 27. g3 Qc4 28. Ra1 h5 29. h4 g6 30. Nd6 Bxd6 31. exd6 Qd5 32. Bg5 Qxd6 33. Qc1 c2 34. Bf4 Qxd4 35. Be3 Qe4 36. a5 Rd8 37. Bd2 Ra6 38. Ra2 Rc8 39. Bh6 Qd3 40. Bd2 Rd6 0-1

[Event "Titled Tuesday intern op 02nd Jan Late"]
[Site "Chess.com INT"]
[Date "2024.01.02"]
[Round "2"]
[White "Yu, Avery"]
[Black "Plotnikov, Pavel"]
[Result "0-1"]
[WhiteElo "1674"]
[BlackElo "2297"]
[PlyCount "89"]
[EventDate "2024.01.02"]
[EventType "swiss (blitz)"]
[EventRounds "11"]
[EventCountry "USA"]
[SourceTitle "EXT 2025"]
[Source "ChessBase"]
[SourceDate "2024.10.14"]
[SourceVersion "1"]
[SourceVersionDate "2024.10.14"]
[SourceQuality "1"]

1. e4 e6 2. d4 d5 3. Nd2 Be7 4. c3 Nf6 5. e5 Nfd7 6. Bd3 c5 7. Ne2 Nc6 8. 0-0 0-0 9. Nf3 f6 10. exf6 Bxf6 11. Bf4 Qe7 12. Re1 g5 13. Be3 g4 14. Nd2 e5 15. dxe5 Ndxe5 16. Nf4 d4 17. cxd4 cxd4 18. Nd5 Qf7 19. Bh6 Nxd3 20. Nxf6+ Qxf6 21. Qb3+ Kh8 22. Bxf8 Nxe1 23. Rxe1 Qxf8 24. Ne4 Qg7 25. Ng5 Qg8 26. Nf7+ Kg7 27. Ng5 Qxb3 28. axb3 Kg6 29. Ne4 Bf5 30. Nc5 d3 31. Rd1 Re8 32. h3 h5 33. hxg4 hxg4 34. Nxd3 Bxd3 35. Rxd3 Re1+ 36. Kh2 Re2 37. Kg3 Rxb2 38. Rd6+ Kf5 39. Rd7 Rxb3+ 40. f3 gxf3 41. gxf3 Rxf3+ 42. Kxf3 Ne5+ 43. Ke3 Nxd7 44. Kd4 Ke6 45. Kc3 0-1

[Event "Titled Tuesday intern op 03rd Oct Late"]
[Site "Chess.com INT"]
[Date "2023.10.03"]
[Round "1"]
[White "Bortnyk, Mykola"]
[Black "Plotnikov, Pavel"]
[Result "1-0"]
[WhiteElo "2415"]
[BlackElo "2297"]
[PlyCount "57"]
[EventDate "2023.10.03"]
[EventType "swiss (blitz)"]
[EventRounds "11"]
[EventCountry "USA"]
[SourceTitle "EXT 2025"]
[Source "ChessBase"]
[SourceDate "2024.10.14"]
[SourceVersion "1"]
[SourceVersionDate "2024.10.14"]
[SourceQuality "1"]

1. e4 e6 2. d4 d5 3. exd5 exd5 4. c4 Nf6 5. Nf3 Be7 6. Nc3 a6 7. c5 0-0 8. h3 b6 9. cxb6 cxb6 10. Bd3 b5 11. 0-0 Nc6 12. Re1 Re8 13. Bg5 Be6 14. Rc1 Qb6 15. Ne2 h6 16. Bh4 Ne4 17. Bxe7 Nxe7 18. Nf4 Nf5 19. Bxe4 dxe4 20. Rxe4 Bxa2 21. Rxe8+ Rxe8 22. b3 Re4 23. Rc8+ Kh7 24. Ne2 b4 25. Qc2 Qe6 26. Nc1 g6 27. Nxa2 Re2 28. Qc5 Rxa2 29. Qf8 1-0